Statistiques concernant MLS : tous les vainqueurs

Cliquez ici pour prendre le quiz!

Statistiques générales

  • Ce quiz a été pris 164 fois
  • Le résultat moyen est 17 sur 26

Statistiques - réponses

AnnéeFranchise% Correct
2005Los Angeles Galaxy
98%
2012Los Angeles Galaxy
98%
2011Los Angeles Galaxy
98%
2002Los Angeles Galaxy
98%
2021New York City
91%
2017Toronto FC
79%
2016Seattle Sounders
76%
2019Seattle Sounders
74%
2018Atlanta United
70%
1998Chicago Fire
70%
2014Los Angeles Galaxy
67%
2007Dynamo Houston
66%
2006Dynamo Houston
66%
2015Portland Timbers
66%
1997DC United
58%
1999DC United
58%
1996DC United
58%
2004DC United
58%
2009Real Salt Lake
50%
2003Earthquakes San José
46%
2020Colombus Crew
45%
2008Colombus Crew
45%
2010Colorado Rapids
44%
2000Sporting Kansas City
43%
2013Sporting Kansas City
43%
2001Earthquakes San José
38%

Distribution des résultats

Percentile par nombre de réponses

% des personnes avec chaque résultat

Votre développement - résultats

Vous n’avez pas pris ce quiz